Korea Północna czy Korea Południowa? - Statystyki

Ogólne statystyki
  • Ten quiz został rozwiązany 6 801 razy
  • Średni wynik to 13 z 17
Statystyki odpowiedzi
Zagadnienie Odpowiedź % Poprawnych
Jest dyktaturą Korea Północna
95%
Ma większą populację Korea Południowa
93%
Jest uważana za państwo o wysokich zarobkach Korea Południowa
93%
Jest bliżej do Władywostoku Korea Północna
91%
Ma gwiazdę na fladze Korea Północna
89%
Graniczy tylko z jednym państwem Korea Południowa
89%
Jej stolica zaczyna się na literę S Korea Południowa
89%
Wyspa Jeju jest jej częscią Korea Południowa
85%
Około 25% populacji są chrześcijanami Korea Południowa
84%
Jej pełna nazwa w języku polskim to "Koreańska Republika Ludowo-Demokratyczna" Korea Północna
82%
Czasem jest nazywana "królestwem pustelniczym" Korea Północna
81%
Odbywały się w niej Igrzyska Olimpijskie Korea Południowa
75%
Była okupowana przez Japonię w latach 1910-1945 Oba
74%
Posiada bomby nuklearne Korea Północna
69%
Ma większą powierzchnię Korea Północna
61%
Znane jest z "masowych igrzysk", w których bierze udział ponad 100 000 artystów gimnastycznych i artystycznych Korea Północna
42%
Ma bardzo niski poziom różnorodności etnicznej Oba
31%
Nie znaleziono quizów pasujących do podanych kryteriów
Rozkład punktacji
Procent ludzi z każdym wynikiem
Percentyl według liczby udzielonych odpowiedzi
Twoja historia wyników
Nie rozwiązałeś tego quizu